[Event "Challenge"]
[Site "http://www.queenalice.com/game.php?id=1302560"]
[Date "2014.8.19"]
[Round "-"]
[White "mackingg"]
[Black "QDigg"]
[Result "0-1"]
[WhiteElo "1339"]
[BlackElo "1365"]

1. e4 a5 2. Nf3 c5 3. Be2 d5 4. exd5 Qxd5 5. O-O e5 6. Nc3 Qe6 7. Bb5+ Nd7 8.
Ng5 Qf5 9. d3 h6 10. Nf3 Nf6 11. Re1 b6 0-1

[Event "Challenge"]
[Site "http://www.queenalice.com/game.php?id=1302561"]
[Date "2014.8.19"]
[Round "-"]
[White "QDigg"]
[Black "mackingg"]
[Result "1-0"]
[WhiteElo "1331"]
[BlackElo "1374"]

1. a4 e5 2. e4 Nf6 3. d3 Bc5 4. c4 O-O 5. Bg5 Nc6 6. Nc3 Be7 7. Nf3 d6 8. Nd5
Nxd5 9. h4 Nf4 10. g3 Ne6 11. Bh3 Ncd4 12. Bxe6 1-0